000
00347nam a2200133Ia 4500
008
231129s9999||||xx |||||||||||||| ||spa||
020
_a
84-8280-025-1 (v.1).
040
_b
spa
082
_a
R 809 H673
245
0
_a
Historia universal de la literatura
260
_c
198
264
_a
Oveja Negra
942
_2
ddc
_c
BKS
999
_c
15343
_d
15343